00370 a2200109 4500001001000000005001700010008004100027245007500068100002500143773007500168999001700243ART_4650220260410161822.0260409a 10aComliance y derecho de la competencia en las contrataciones públicas1 aVanella, Carolina A.0 tDoctrina Penal Tributaria y Económicag- N° 48 (jun. 2018)wREV4317 c22416d22416